From dark dungeons to dazzling dawn : (Record no. 138546)

MARC details
000 -LEADER
fixed length control field 00696nam a22001937a 4500
005 - DATE AND TIME OF LATEST TRANSACTION
control field 20170329160000.0
010 ## - LCCN (DPL NO)
LC control number ENG-117631
020 ## - INTERNATIONAL STANDARD BOOK NUMBER
International Standard Book Number 9788175418370
Terms of availability 495.00
035 ## - SYSTEM CONTROL NUMBER
System control number EN-101163
037 ## - SOURCE OF ACQUISITION
Source of stock number/acquisition DABD/PUB
082 ## - DEWEY DECIMAL CLASSIFICATION NUMBER
Classification number 921
100 ## - MAIN ENTRY--PERSONAL NAME
Personal name Vellamthadathil,Abraham
245 ## - TITLE STATEMENT
Title From dark dungeons to dazzling dawn :
Statement of responsibility, etc by Abraham Vellamthadathil
Remainder of title a life-long struggle with the Christian hierarchy (an autobiography) /
260 ## - PUBLICATION, DISTRIBUTION, ETC. (IMPRINT)
Place of publication, distribution, etc New Delhi
Name of publisher, distributor, etc Shipra Publication
Date of publication, distribution, etc 2016
270 ## - ADDRESS
Address LG 18-19,Pankaj Central Market,I.P Ext.Patparganj
City Delhi
Postal code 110092
300 ## - PHYSICAL DESCRIPTION
Extent xxiv,327p.
Dimensions 23cm(pbk)
500 ## - GENERAL NOTE
General note Includes bibliographical references
942 ## - ADDED ENTRY ELEMENTS (KOHA)
Source of classification or shelving scheme Dewey Decimal Classification
Item type English Books
Classification part 921
Call number suffix VELL
Holdings
Withdrawn status Lost status Not for loan Home library Current library Date acquired Source of acquisition Cost, normal purchase price Full call number Barcode Copy number Cost, replacement price Koha item type
      Diz Area Diz Area 29/03/2017 DBAD/PUB 495.00 921 VELL EN-101163 1 495.00 English Books

© Delhi Public Library
Hit Counter
free hit counter